| 000 | 00745nam a2200241Ia 4500 | ||
|---|---|---|---|
| 003 | GCL | ||
| 005 | 20240530105418.0 | ||
| 008 | 140319s9999 xx 000 0 ara d | ||
| 040 |
_aGCL / _cGCL |
||
| 082 | 0 | 4 |
_a254 _bم ا |
| 100 | 1 | _aمصطفى الرافعى | |
| 245 | 1 | 0 |
_aالاحوال الشخصية : _bفى الشريعة الاسلامية والقوانين اللبنانية / _cمصطفى الرافعى |
| 250 | _aط1 | ||
| 260 |
_aبيروت : _bدار الكتاب اللبنانى ، _c1983 |
||
| 300 |
_a338 ص ؛ _c24 سم |
||
| 650 | 0 | 4 | _aالطلاق |
| 650 | 0 | 4 | _aالزواج |
| 650 | 0 | 4 | _aالوصايا |
| 650 | 0 | 4 | _aالتركات |
| 650 | 0 | 4 | _aالاحياء |
| 650 | 0 | 4 | _aالحضانة |
| 942 |
_2ddc _cBK |
||
| 999 |
_c55787 _d55787 |
||